[Event "CZE-chTB U20 1314"]
[Site "Czech Republic"]
[Date "2014.04.27"]
[Round "11.1"]
[White "Miesbauer, Jan"]
[Black "Walica, Roman"]
[Result "1-0"]
[WhiteElo "2040"]
[BlackElo "1863"]
[PlyCount "77"]
[EventDate "2013.10.12"]
[EventType "team-tourn"]
[EventRounds "11"]
[EventCountry "CZE"]
[SourceTitle "EXT 2015"]
[Source "ChessBase"]
[SourceDate "2014.11.20"]
[SourceVersion "1"]
[SourceVersionDate "2014.11.20"]
[SourceQuality "1"]
[WhiteTeam "Tabor (U20)"]
[BlackTeam "Orlova Slavia (U20) II"]
[WhiteTeamCountry "CZE"]
[BlackTeamCountry "CZE"]

1. e4 e5 2. Nf3 Nc6 3. Bb5 a6 4. Ba4 Nf6 5. 0-0 Be7 6. Re1 b5 7. Bb3 d6 8. c3 0-0 9. h3 Na5 10. Bc2 c5 11. d4 cxd4 12. cxd4 Qc7 13. Nbd2 Nc6 14. d5 Nb4 15. Bb1 a5 16. Nf1 Bd7 17. a3 Na6 18. g4 Nc5 19. Ng3 Nxg4 20. hxg4 Bxg4 21. Bd3 Nxd3 22. Qxd3 h5 23. Nh2 Qd7 24. Nxg4 hxg4 25. Kg2 g6 26. Bh6 Rfe8 27. Rh1 Rac8 28. Rac1 Rc5 29. Be3 Rc4 30. b3 Rxc1 31. Bxc1 Bf8 32. Bd2 Bg7 33. Bxa5 Rf8 34. Rc1 f5 35. Rc7 fxe4 36. Qxe4 Qe8 37. Qxg4 Qa8 38. Qxg6 Qxd5+ 39. Ne4 1-0

[Event "CZE-chTB U20 1314"]
[Site "Czech Republic"]
[Date "2014.04.26"]
[Round "9.1"]
[White "Toman, Ondrej"]
[Black "Walica, Roman"]
[Result "1/2-1/2"]
[WhiteElo "2080"]
[BlackElo "1863"]
[PlyCount "127"]
[EventDate "2013.10.12"]
[EventType "team-tourn"]
[EventRounds "11"]
[EventCountry "CZE"]
[SourceTitle "EXT 2015"]
[Source "ChessBase"]
[SourceDate "2014.11.20"]
[SourceVersion "1"]
[SourceVersionDate "2014.11.20"]
[SourceQuality "1"]
[WhiteTeam "Udlice (U20)"]
[BlackTeam "Orlova Slavia (U20) II"]
[WhiteTeamCountry "CZE"]
[BlackTeamCountry "CZE"]

1. e4 e5 2. Nf3 Nc6 3. Nc3 Nf6 4. d4 exd4 5. Nxd4 Bb4 6. Nxc6 bxc6 7. Bd3 0-0 8. 0-0 d5 9. exd5 cxd5 10. h3 c6 11. Qf3 Be6 12. Bf4 Bd6 13. Ne2 Qc7 14. Rfe1 Rab8 15. b3 Bxf4 16. Nxf4 Rfe8 17. Re3 Bd7 18. Rae1 Qd6 19. Qg3 Rxe3 20. Rxe3 Ne8 21. Qh4 Nf6 22. Qg3 Ne8 23. a4 Rb4 24. Bf5 g6 25. Nxg6 Qxg3 26. fxg3 Bxf5 27. Ne7+ Kf8 28. Nxf5 c5 29. g4 c4 30. Kf2 Nf6 31. Re7 cxb3 32. cxb3 Rf4+ 33. Ke3 Rxf5 34. Rxa7 Re5+ 35. Kd3 Re7 36. Rxe7 Kxe7 37. a5 Kd6 38. Kd4 Ne8 39. Kc3 Nc7 40. Kb4 Kc6 41. g5 Na6+ 42. Kc3 Kc5 43. h4 Nb4 44. h5 d4+ 45. Kd2 Kb5 46. g4 Kxa5 47. Ke2 Kb5 48. Kf3 Kc5 49. Ke4 Kd6 50. Kxd4 Nc6+ 51. Ke4 Ke6 52. Kf4 Ne5 53. Kg3 Nd3 54. Kh4 Nb4 55. g6 fxg6 56. Kg5 Kf7 57. Kh6 gxh5 58. Kxh5 Kg7 59. Kg5 Nd3 60. Kh5 Nb4 61. Kg5 Nd5 62. Kh5 Nf6+ 63. Kg5 Nd5 64. Kh5 1/2-1/2

[Event "CZE-chTE U20 1314"]
[Site "Czech Republic"]
[Date "2013.10.12"]
[Round "1.1"]
[White "Blahynka, Martin"]
[Black "Walica, Roman"]
[Result "1-0"]
[WhiteElo "2235"]
[BlackElo "1863"]
[PlyCount "127"]
[EventDate "2013.10.12"]
[EventType "team-tourn"]
[EventRounds "11"]
[EventCountry "CZE"]
[SourceTitle "EXT 2015"]
[Source "ChessBase"]
[SourceDate "2014.11.20"]
[SourceVersion "1"]
[SourceVersionDate "2014.11.20"]
[SourceQuality "1"]
[WhiteTeam "Brno Duras (U20)"]
[BlackTeam "Orlova Slavia (U20) II"]
[WhiteTeamCountry "CZE"]
[BlackTeamCountry "CZE"]

1. d4 d5 2. c4 e6 3. Nc3 Nf6 4. cxd5 exd5 5. Bg5 Nbd7 6. e3 c6 7. Bd3 Bd6 8. Nge2 h6 9. Bh4 Qc7 10. Qd2 0-0 11. 0-0-0 b5 12. Kb1 a5 13. Rc1 Qb6 14. e4 dxe4 15. Nxe4 Nxe4 16. Bxe4 Bb7 17. Ng3 Qc7 18. Nh5 c5 19. Bf5 c4 20. Qe2 Bf4 21. Qg4 g5 22. Bxd7 Be4+ 23. Ka1 f5 24. Qe2 Qxd7 25. Nxf4 gxf4 26. f3 Bd3 27. Qe5 Qg7 28. Qxf4 Kh7 29. Qe5 b4 30. Rhe1 Rfe8 31. Qxg7+ Kxg7 32. d5 Kf7 33. d6 Rxe1 34. Rxe1 Re8 35. Be7 a4 36. d7 Rxe7 37. d8N+ Kf6 38. Rxe7 Kxe7 39. Nc6+ Kd6 40. Nxb4 Bf1 41. Nc2 f4 42. g3 Ke5 43. Kb1 Be2 44. Ne1 h5 45. Kc2 Kf5 46. Kd2 Bf1 47. Kc3 Be2 48. Kb4 Ke5 49. Kxa4 fxg3 50. hxg3 Kd4 51. Kb4 Ke3 52. g4 h4 53. Ng2+ Kxf3 54. Nxh4+ Kxg4 55. Ng6 Kf5 56. Ne7+ Ke6 57. Nc8 Kd5 58. Nb6+ Kd4 59. a4 Ke5 60. Nxc4+ Kd5 61. Na3 Kc6 62. Nc2 Kb6 63. Ne3 Bd3 64. Kc3 1-0

[Event "Orlova op 10th"]
[Site "Orlova"]
[Date "2013.05.17"]
[Round "5"]
[White "Sramek, Tomas"]
[Black "Walica, Roman"]
[Result "1/2-1/2"]
[WhiteElo "1947"]
[BlackElo "1692"]
[PlyCount "48"]
[EventDate "2013.05.13"]
[EventType "swiss"]
[EventRounds "9"]
[EventCountry "CZE"]
[SourceTitle "CBM 154 Extra"]
[Source "ChessBase"]
[SourceDate "2013.06.25"]
[SourceVersion "2"]
[SourceVersionDate "2013.06.25"]
[SourceQuality "1"]

1. e4 e5 2. Nc3 Nf6 3. f4 d6 4. Nf3 Nc6 5. Bb5 Bg4 6. h3 Bxf3 7. Qxf3 Nd7 8. Bxc6 bxc6 9. d3 Rb8 10. Rb1 Be7 11. 0-0 0-0 12. f5 Bg5 13. Be3 Nb6 14. Rbe1 c5 15. b3 Bxe3+ 16. Rxe3 f6 17. Qg4 c6 18. Rg3 Qd7 19. Qf3 Rbc8 20. Qf2 Qe7 21. a4 a5 22. Qe2 d5 23. Rff3 Rb8 24. Rg4 c4 1/2-1/2